| 000 | 00607nam a2200205 a 4500 | ||
|---|---|---|---|
| 005 | 20240228064313.0 | ||
| 008 | 171011s2009 ch r 000 0 spa d | ||
| 020 | _a9789562396608 | ||
| 035 | _aUPN01000220867 | ||
| 049 | _aI | ||
| 050 | 4 |
_aPZ78 _bR6.26 |
|
| 100 | 1 |
_aRojas, Beatriz _942712 |
|
| 245 | 1 | 0 |
_aCelia y la fiesta de las galletas / _cBeatriz Rojas ; il. Carolina Shütte. |
| 260 |
_aSantiago de Chile : _bAlfaguara, _c2009. |
||
| 300 | _a[55] p. | ||
| 650 | 4 |
_aLibros y lectura para niños _92290 |
|
| 650 | 4 |
_aCOCINA - _vLITERATURA JUVENIL _96317 |
|
| 905 | _aInfantil | ||
| 999 |
_c192966 _d192966 |
||